MARC details
| 000 -LEADER |
| fixed length control field |
02902nam a2200589 i 4500 |
| 001 - CONTROL NUMBER |
| control field |
3215522 |
| 005 - DATE AND TIME OF LATEST TRANSACTION |
| control field |
20211130162424.0 |
| 008 - FIXED-LENGTH DATA ELEMENTS--GENERAL INFORMATION |
| fixed length control field |
211118s2021 maua b 000 1 eng d |
| 020 ## - INTERNATIONAL STANDARD BOOK NUMBER |
| International Standard Book Number |
9781536209198 : |
| Terms of availability |
$17.99 |
| 020 ## - INTERNATIONAL STANDARD BOOK NUMBER |
| International Standard Book Number |
1536209198 : |
| Terms of availability |
$17.99 |
| 035 ## - SYSTEM CONTROL NUMBER |
| System control number |
(OCoLC)1237807805 |
| 035 ## - SYSTEM CONTROL NUMBER |
| System control number |
(OCoLC)on1237807805 |
| 035 ## - SYSTEM CONTROL NUMBER |
| System control number |
3196112 |
| 040 ## - CATALOGING SOURCE |
| Original cataloging agency |
PABRO |
| Language of cataloging |
eng |
| Description conventions |
rda |
| Transcribing agency |
PABRO |
| 050 #4 - LIBRARY OF CONGRESS CALL NUMBER |
| Classification number |
PZ8.3.W45 |
| Item number |
Win 2021 |
| 082 04 - DEWEY DECIMAL CLASSIFICATION NUMBER |
| Classification number |
[E] |
| Edition number |
23 |
| 092 ## - LOCALLY ASSIGNED DEWEY CALL NUMBER (OCLC) |
| Classification number |
E White |
| 999 ## - SYSTEM CONTROL NUMBERS (KOHA) |
| Koha Dewey Subclass [OBSOLETE] |
E |
| 100 1# - MAIN ENTRY--PERSONAL NAME |
| Personal name |
White, Dianne, |
| Relator term |
author. |
| 9 (RLIN) |
6362461 |
| 245 10 - TITLE STATEMENT |
| Title |
Winter lullaby / |
| Statement of responsibility, etc |
Dianne White ; illustrated by Ramona Kaulitzki. |
| 250 ## - EDITION STATEMENT |
| Edition statement |
First edition. |
| 264 #1 - Production, Publication, Distribution, Manufacture, and Copyright Notice. |
| Place of production, publication, distribution, manufacture |
Somerville, Massachusetts : |
| Name of producer, publisher, distributor, manufacturer |
Candlewick Press, |
| Date of production, publication, distribution, manufacture, or copyr |
2021. |
| 300 ## - PHYSICAL DESCRIPTION |
| Extent |
1 volume (unpaged) : |
| Other physical details |
color illustrations ; |
| Dimensions |
27 cm |
| 336 ## - Content Type |
| Content type term |
text |
| 337 ## - Media type |
| Media type term |
unmediated |
| 338 ## - Carrier type |
| Carrier type term |
volume |
| 520 ## - SUMMARY, ETC. |
| Summary, etc |
Mouse is rushing to her nest. In soft, dry grasses she will rest. Rendered with reassuring words and pastoral scenes, this soothing lullaby of a story is sure to settle even the most restless of cubs. |
| 521 1# - TARGET AUDIENCE NOTE |
| Target audience note |
3-8 |
| Source |
Brodart. |
| 521 2# - TARGET AUDIENCE NOTE |
| Target audience note |
P-3 |
| Source |
Brodart. |
| 650 #0 - SUBJECT ADDED ENTRY--TOPICAL TERM |
| Topical term or geographic name as entry element |
Animals |
| Form subdivision |
Juvenile fiction. |
| 9 (RLIN) |
5678723 |
| 650 #1 - SUBJECT ADDED ENTRY--TOPICAL TERM |
| Topical term or geographic name as entry element |
Animals |
| Form subdivision |
Fiction. |
| 9 (RLIN) |
5678722 |
| 650 #0 - SUBJECT ADDED ENTRY--TOPICAL TERM |
| Topical term or geographic name as entry element |
Stories in rhyme. |
| 650 #1 - SUBJECT ADDED ENTRY--TOPICAL TERM |
| Topical term or geographic name as entry element |
Stories in rhyme. |
| 9 (RLIN) |
6435554 |
| 650 #0 - SUBJECT ADDED ENTRY--TOPICAL TERM |
| Topical term or geographic name as entry element |
Picture books for children. |
| 650 #1 - SUBJECT ADDED ENTRY--TOPICAL TERM |
| Topical term or geographic name as entry element |
Picture books. |
| 650 #7 - SUBJECT ADDED ENTRY--TOPICAL TERM |
| Topical term or geographic name as entry element |
JUVENILE FICTION / Animals / Bears. |
| Source of heading or term |
bisacsh |
| 9 (RLIN) |
5685986 |
| 650 #7 - SUBJECT ADDED ENTRY--TOPICAL TERM |
| Topical term or geographic name as entry element |
JUVENILE FICTION / Bedtime & Dreams. |
| Source of heading or term |
bisacsh |
| 9 (RLIN) |
5700115 |
| 650 #7 - SUBJECT ADDED ENTRY--TOPICAL TERM |
| Topical term or geographic name as entry element |
JUVENILE FICTION / Science & Nature. |
| Source of heading or term |
bisacsh |
| 9 (RLIN) |
5791786 |
| 700 1# - ADDED ENTRY--PERSONAL NAME |
| Personal name |
Kaulitzki, Ramona, |
| Relator term |
illustrator. |
| 9 (RLIN) |
5813530 |
| 910 ## - USER-OPTION DATA (OCLC) |
| User-option data |
BRO |
| 942 ## - ADDED ENTRY ELEMENTS (KOHA) |
| Source of classification or shelving scheme |
Dewey Decimal Classification |
| Koha item type |
BOOK |
| 948 ## - LOCAL PROCESSING INFORMATION (OCLC); SERIES PART DESIGNATOR (RLIN) |
| Series part designator, SPT (RLIN) |
BAR |
| b (OCLC) |
CHILDREN'S |
| p (OCLC) |
X130750680 |
| k (OCLC) |
J |
| h (OCLC) |
E |
| f (OCLC) |
1 |
| r (OCLC) |
2 |
| g (OCLC) |
1 |
| 7 (OCLC) |
0 |
| u (OCLC) |
3 |
| w (OCLC) |
11 |
| s (OCLC) |
0 |
| o (OCLC) |
BAR |
| 0 (OCLC) |
$17.99 |
| y (OCLC) |
99 |
| c (OCLC) |
94 |
| j (OCLC) |
Dewey Decimal |
| n (OCLC) |
On-Order |
| e (OCLC) |
2001318-3 |
| 9 (OCLC) |
Item generated Nov 30 2021 8:37AM |
| 948 ## - LOCAL PROCESSING INFORMATION (OCLC); SERIES PART DESIGNATOR (RLIN) |
| Series part designator, SPT (RLIN) |
BDW |
| b (OCLC) |
CHILDREN'S |
| p (OCLC) |
X130751258 |
| k (OCLC) |
J |
| h (OCLC) |
E |
| f (OCLC) |
1 |
| r (OCLC) |
2 |
| g (OCLC) |
1 |
| 7 (OCLC) |
0 |
| u (OCLC) |
3 |
| w (OCLC) |
11 |
| s (OCLC) |
0 |
| o (OCLC) |
BDW |
| 0 (OCLC) |
$17.99 |
| y (OCLC) |
99 |
| c (OCLC) |
94 |
| j (OCLC) |
Dewey Decimal |
| n (OCLC) |
On-Order |
| e (OCLC) |
2001318-2 |
| 9 (OCLC) |
Item generated Nov 30 2021 8:37AM |
| 948 ## - LOCAL PROCESSING INFORMATION (OCLC); SERIES PART DESIGNATOR (RLIN) |
| Series part designator, SPT (RLIN) |
BRF |
| b (OCLC) |
CHILDREN'S |
| p (OCLC) |
X130751365 |
| k (OCLC) |
J |
| h (OCLC) |
E |
| f (OCLC) |
1 |
| r (OCLC) |
2 |
| g (OCLC) |
1 |
| 7 (OCLC) |
0 |
| u (OCLC) |
3 |
| w (OCLC) |
11 |
| s (OCLC) |
0 |
| o (OCLC) |
BRF |
| 0 (OCLC) |
$17.99 |
| y (OCLC) |
99 |
| c (OCLC) |
94 |
| j (OCLC) |
Dewey Decimal |
| n (OCLC) |
On-Order |
| e (OCLC) |
2001318-5 |
| 9 (OCLC) |
Item generated Nov 30 2021 8:37AM |
| 948 ## - LOCAL PROCESSING INFORMATION (OCLC); SERIES PART DESIGNATOR (RLIN) |
| Series part designator, SPT (RLIN) |
BHH |
| b (OCLC) |
CHILDREN'S |
| p (OCLC) |
X130751050 |
| k (OCLC) |
J |
| h (OCLC) |
E |
| f (OCLC) |
1 |
| r (OCLC) |
2 |
| g (OCLC) |
1 |
| 7 (OCLC) |
0 |
| u (OCLC) |
3 |
| w (OCLC) |
11 |
| s (OCLC) |
0 |
| o (OCLC) |
BHH |
| 0 (OCLC) |
$17.99 |
| y (OCLC) |
99 |
| c (OCLC) |
94 |
| j (OCLC) |
Dewey Decimal |
| n (OCLC) |
On-Order |
| e (OCLC) |
2001318-4 |
| 9 (OCLC) |
Item generated Nov 30 2021 8:37AM |
| 948 ## - LOCAL PROCESSING INFORMATION (OCLC); SERIES PART DESIGNATOR (RLIN) |
| Series part designator, SPT (RLIN) |
BSK |
| b (OCLC) |
CHILDREN'S |
| p (OCLC) |
X130751225 |
| k (OCLC) |
J |
| h (OCLC) |
E |
| f (OCLC) |
1 |
| r (OCLC) |
2 |
| g (OCLC) |
1 |
| 7 (OCLC) |
0 |
| u (OCLC) |
3 |
| w (OCLC) |
11 |
| s (OCLC) |
0 |
| o (OCLC) |
BSK |
| 0 (OCLC) |
$17.99 |
| y (OCLC) |
99 |
| c (OCLC) |
94 |
| j (OCLC) |
Dewey Decimal |
| n (OCLC) |
On-Order |
| e (OCLC) |
2001318-1 |
| 9 (OCLC) |
Item generated Nov 30 2021 8:37AM |